Welcome to CU Library Online Public Access Catalogue (OPAC)

Handbook of Health Education and Community Pharmacy/ (Record no. 2876)

MARC details
000 -LEADER
fixed length control field 00500nam a22001457a 4500
005 - DATE AND TIME OF LATEST TRANSACTION
control field 20250123085130.0
008 - FIXED-LENGTH DATA ELEMENTS--GENERAL INFORMATION
fixed length control field 250123b |||||||| |||| 00| 0 eng d
020 ## - INTERNATIONAL STANDARD BOOK NUMBER
International Standard Book Number 9788123904245
050 ## - LIBRARY OF CONGRESS CALL NUMBER
Classification number RA440.5 GUP
100 ## - MAIN ENTRY--PERSONAL NAME
Personal name Gupta, Ashok K.
245 ## - TITLE STATEMENT
Title Handbook of Health Education and Community Pharmacy/
Remainder of title for first year Diploma in Pharmacy & B. Pharm.
Statement of responsibility, etc. Ashok K. Gupta
260 ## - PUBLICATION, DISTRIBUTION, ETC.
Place of publication, distribution, etc. Darya Ganj, New Delhi
Name of publisher, distributor, etc. CBS Publishers & Distributors
Date of publication, distribution, etc. 2006
300 ## - PHYSICAL DESCRIPTION
Extent xi. 300p.
Other physical details ill.
Dimensions 21.5cm
942 ## - ADDED ENTRY ELEMENTS (KOHA)
Source of classification or shelving scheme Library of Congress Classification
Koha item type Books
Suppress in OPAC No
999 ## -
-- 2876
-- 2876
Holdings
Withdrawn status Lost status Source of classification or shelving scheme Damaged status Not for loan Collection Home library Current library Shelving location Date acquired Total checkouts Full call number Barcode Date last seen Copy number Price effective from Koha item type
    Library of Congress Classification     Non-fiction Science Library (Miotso) Science Library (Miotso) General stacks 01/23/2025   RA440.5 GUP SLM00002238 01/23/2025 1 01/23/2025 Books
    Library of Congress Classification     Non-fiction Science Library (Miotso) Science Library (Miotso) General stacks 01/23/2025   RA440.5 GUP SLM00002239 01/23/2025 2 01/23/2025 Books
    Library of Congress Classification     Non-fiction Science Library (Miotso) Science Library (Miotso) General stacks 01/23/2025   RA440.5 GUP SLM00002240 01/23/2025 3 01/23/2025 Books
© 2023-2024 Copyright: Central University Libraries. All Rights Reserved | Created by: Mahone Tech Office